000 00600nam a2200229Ia 4500
003 OSt
005 20221007071229.0
006 a|||||r|||| 00| 0
007 ta
008 221006b |||||||| |||| 00| 0 eng d
024 _a24,741
037 _cTextual
040 _aFLL
_cFLL
_beng
041 _2eng
_aeng
082 _aZ3:3, A.1
100 _aColebrooke H. T.
245 0 _aTreatise on obligations and contracts
260 _aLondon
_bBlack Kingsbury London
_c1818
300 _a251p
_ccm.
942 _hZ3:3, A.1
_cTEXL
_2CC
999 _c1142808
_d1142808